Secure land rights for all (Record no. 110217)

MARC details
000 -LEADER
fixed length control field 01074cam a22002415a 4500
001 - CONTROL NUMBER
control field E148769
008 - FIXED-LENGTH DATA ELEMENTS--GENERAL INFORMATION
fixed length control field 091109s2008 ke f 000 0 eng d
020 ## - INTERNATIONAL STANDARD BOOK NUMBER
International Standard Book Number 9789211319613
035 ## - SYSTEM CONTROL NUMBER
System control number (Sirsi) u148769
041 0# - LANGUAGE CODE
Language code of text/sound track or separate title eng
050 04 - LIBRARY OF CONGRESS CALL NUMBER
Classification number 630 $2 18
110 2# - MAIN ENTRY--CORPORATE NAME
Corporate name or jurisdiction name as entry element United Nations Human Settlements Programme
9 (RLIN) 5805
245 00 - TITLE STATEMENT
Title Secure land rights for all
260 ## - PUBLICATION, DISTRIBUTION, ETC.
Place of publication, distribution, etc. Nairobi
Name of publisher, distributor, etc. UN-HABITAT
Date of publication, distribution, etc. 2008
300 ## - PHYSICAL DESCRIPTION
Extent 40p.
Other physical details col. ill.
Dimensions 30cm.
505 2# - FORMATTED CONTENTS NOTE
Formatted contents note Secure land rights for all, what this means -- Why secure land rights matter -- Innovation and good practice in providing secure land rights for all -- Strategies for delivering secure land rights for all -- Way forward, conclusions and recommendations -- List of boxes and tables
520 ## - SUMMARY, ETC.
Summary, etc. Looks at the importance o secure land rights and how these can counteract gender discrimination, social exclusion of vulnerable groups, and other inequalities associated with rights to land.
521 ## - TARGET AUDIENCE NOTE
Target audience note Advanced
590 ## - LOCAL NOTE (RLIN)
Local note KA
651 #4 - SUBJECT ADDED ENTRY--GEOGRAPHIC NAME
Geographic name International
690 ## - LOCAL SUBJECT ADDED ENTRY--TOPICAL TERM (OCLC, RLIN)
Topical term or geographic name as entry element ENVIRONMENTAL AND LAND CONSULTANCY
942 ## - ADDED ENTRY ELEMENTS (KOHA)
Suppress in OPAC 0
Holdings
Withdrawn status Lost status Source of classification or shelving scheme Damaged status Not for loan Home library Current library Shelving location Date acquired Total Checkouts Full call number Barcode Date last seen Copy number Price effective from Koha item type
    Dewey Decimal Classification     London London Folio 09/11/2009   F630 UNI 30076553 06/08/2019 1 06/08/2019 Book